书目信息 |
| 题名: |
工业生产过程安全评价
|
|
| 作者: | 魏新利 , 李惠萍 , 王自健 编 | |
| 分册: | ||
| 出版信息: | 北京 化学工业出版社 2005.01 |
|
| 页数: | 237页 | |
| 开本: | 26cm | |
| 丛书名: | 安全工程技术丛书 | |
| 单 册: | ||
| 中图分类: | X931 | |
| 科图分类: | ||
| 主题词: | 工业生产--gong ye sheng chan--安全生产--评价 | |
| 电子资源: | ||
| ISBN: | 7-5025-6283-4 | |
| 000 | 01118nam 2200277 450 | |
| 001 | 012006810346 | |
| 005 | 20060630161856.93 | |
| 010 | @a7-5025-6283-4@dCNY29.00 | |
| 100 | @a20060610d2005 km y0chiy0120 ea | |
| 101 | 0 | @achi |
| 102 | @aCN@b110000 | |
| 105 | @aa a 000yy | |
| 200 | 1 | @a工业生产过程安全评价@Agong ye sheng chan guo cheng an quan ping jia@f魏新利, 李惠萍, 王自健编@Fwei xin li,li hui ping,wang zi jian bian |
| 210 | @a北京@c化学工业出版社@d2005.01 | |
| 215 | @a237页@c图@d26cm | |
| 225 | 2 | @a安全工程技术丛书@Aan quan gong cheng ji shu cong shu |
| 320 | @a有书目 (第237页) | |
| 330 | @a本书简要介绍了安全评价的基本概念、危险危害因素分析方法、危险源辨识及事故危害后果分析方法、常用安全评价方法及应用、评价单元的划分与评价方法的选择、安全对策措施与事故应急救援预案、安全评价报告的编写等内容。 | |
| 410 | 0 | @12001 @a安全工程技术丛书 |
| 606 | 0 | @a工业生产@Agong ye sheng chan@x安全生产@x评价 |
| 690 | @aX931@v4 | |
| 701 | 0 | @a魏新利@Awei xin li@4编 |
| 701 | 0 | @a李惠萍@Ali hui ping@4编 |
| 701 | 0 | @a王自健@Awang zi jian@4编 |
| 801 | 0 | @aCN@bQSSK@c20060630 |
| 905 | @a10447@dX931@eW601 | |
| 工业生产过程安全评价/魏新利, 李惠萍, 王自健编.-北京:化学工业出版社,2005.01 |
| 237页:图;26cm.-(安全工程技术丛书) |
| ISBN 7-5025-6283-4:CNY29.00 |
| 本书简要介绍了安全评价的基本概念、危险危害因素分析方法、危险源辨识及事故危害后果分析方法、常用安全评价方法及应用、评价单元的划分与评价方法的选择、安全对策措施与事故应急救援预案、安全评价报告的编写等内容。 |
| ● |
| 相关链接 |
|
|
|
正题名:工业生产过程安全评价
索取号:X931/W601
 
预约/预借
| 序号 | 登录号 | 条形码 | 馆藏地/架位号 | 状态 | 备注 |
| 1 | 581972 | 205819729 | 自科库501/501自科库 122排1列3层/ [索取号:X931/W601] | 在馆 | |
| 2 | 581973 | 205819738 | 自科二线504/504自科库 12排2列5层/ [索取号:X931/W601] | 在馆 | |
| 3 | 581974 | 205819747 | 自科二线504/504自科库 12排2列5层/ [索取号:X931/W601] | 在馆 |